Statistics for Cities in USA with most GLB people by %

Click here to take the quiz!

General Stats

  • This quiz has been taken 52 times
  • The average score is 7 of 10

Answer Stats

PercentageCIty% Correct
15.4%San Francisco
92%
12.9%Seattle
86%
12.3%Boston
81%
8.8%Portland
75%
8.2%Denver
72%
7.7%Orlando
67%
8.1%Washington
67%
12.8%Atlanta
61%
12.5%Minneapolis
44%
9.8%Sacramento
44%

Score Distribution

Percentile by Number Answered

Percent of People with Each Score

Your Score History

You have not taken this quiz